书目信息 |
| 题名: |
学术英语交流
|
|
| 作者: | 张荔 主编 | |
| 分册: | ||
| 出版信息: | 上海 上海交通大学出版社 2017 |
|
| 页数: | 188页 | |
| 开本: | 24cm | |
| 丛书名: | 通识教育丛书 | |
| 单 册: | ||
| 中图分类: | H319.36 , H311.9 , H31 | |
| 科图分类: | ||
| 主题词: | 英语--写作--高等学校--教材 , 英语--演讲--高等学校--教材 | |
| 电子资源: | ||
| ISBN: | 978-7-313-15045-5 | |
| 000 | 01257oam2 2200313 450 | |
| 001 | 1267 | |
| 005 | 20180927165033.60 | |
| 010 | @a978-7-313-15045-5@dCNY39.80 | |
| 100 | @a20170905d2017 em y0chiy50 ea | |
| 101 | 0 | @aeng@gchi |
| 102 | @aCN@b310000 | |
| 105 | @aa z 000yy | |
| 200 | 1 | @a学术英语交流@9xue shu ying yu jiao liu@e写作与演讲@dAcademic communications in English@ewriting and presentation@f张荔主编@zeng |
| 210 | @a上海@c上海交通大学出版社@d2017 | |
| 215 | @a188页@c图@d24cm | |
| 225 | 1 | @a通识教育丛书 |
| 300 | @a适用于文理工科学生 | |
| 330 | @a本书为上海交通大学通识核心课程《学术英语写作与演讲》的配套教材。内容体现学术活动的整个过程,包括如何选题、如何检索资源、如何确立论文大纲、如何撰写主题句、摘要、引论、文献综述、研究方法、研究结果、讨论、结论以及如何列出参考文献、如何避免学术抄袭等。 | |
| 461 | 0 | @12001 @a通识教育丛书 |
| 510 | 1 | @aAcademic communications in English@ewriting and presentation@zeng |
| 517 | 1 | @a写作与演讲@9xie zuo yu yan jiang |
| 606 | 0 | @a英语@x写作@x高等学校@j教材 |
| 606 | 0 | @a英语@x演讲@x高等学校@j教材 |
| 690 | @aH319.36@v5 | |
| 690 | @aH311.9@v5 | |
| 690 | @aH31@v4 | |
| 701 | 0 | @a张荔@9zhang li@c(女,@f1969~)@4主编 |
| 801 | 0 | @aCN@b91MARC@c20170905 |
| 905 | @aMuseLib@dH31@e1693 | |
| 学术英语交流:写作与演讲=Academic communications in English:writing and presentation/张荔主编.-上海:上海交通大学出版社,2017 |
| 188页:图;24cm.-(通识教育丛书) |
| 适用于文理工科学生 |
| ISBN 978-7-313-15045-5:CNY39.80 |
| 本书为上海交通大学通识核心课程《学术英语写作与演讲》的配套教材。内容体现学术活动的整个过程,包括如何选题、如何检索资源、如何确立论文大纲、如何撰写主题句、摘要、引论、文献综述、研究方法、研究结果、讨论、结论以及如何列出参考文献、如何避免学术抄袭等。 |
| ● |
| 相关链接 |
|
|
|
|
正题名:学术英语交流
索取号:H31/1693
 
预约/预借
| 序号 | 登录号 | 条形码 | 馆藏地/架位号 | 状态 | 备注 |
| 1 | 1121984 | 211219849 | 第二样本阅览室/ [索取号:H31/1693] | 在馆 | |
| 2 | 1121985 | 211219858 | 第四借阅区/ [索取号:H31/1693] | 在馆 | |
| 3 | 1121986 | 211219867 | 第四借阅区/ [索取号:H31/1693] | 在馆 | |
| 4 | 1121987 | 211219876 | 第四借阅区/ [索取号:H31/1693] | 在馆 | |
| 5 | 1121988 | 211219885 | 第四借阅区/ [索取号:H31/1693] | 在馆 |